NBA: Highest Scoring Teams' Top 5 Scorers: 1990s - Statistics

General Stats
  • This quiz has been taken 156 times
  • The average score is 32 of 50
Answer Stats
Team Player PPG % Correct
'96-'97 Chicago Bulls Michael Jordan 29.6
99%
'95-'96 Chicago Bulls Michael Jordan 30.4
99%
'96-'97 Chicago Bulls Scottie Pippen 20.2
99%
'95-'96 Chicago Bulls Scottie Pippen 19.4
99%
'97-'98 Los Angeles Lakers Shaquille O'Neal 28.3
98%
'94-'95 Orlando Magic Shaquille O'Neal 29.3
98%
'93-'94 Phoenix Suns Charles Barkley 21.6
93%
'92-'93 Phoenix Suns Charles Barkley 25.6
93%
'97-'98 Los Angeles Lakers Kobe Bryant 15.4
93%
'99-'00 Sacramento Kings Chris Webber 24.5
90%
'98-'99 Sacramento Kings Chris Webber 20.0
90%
'94-'95 Orlando Magic Penny Hardaway 20.9
89%
'91-'92 Golden State Warriors Tim Hardaway 23.4
89%
'91-'92 Golden State Warriors Chris Mullin 25.6
86%
'94-'95 Orlando Magic Horace Grant 12.8
84%
'96-'97 Chicago Bulls Toni Kukoč 13.2
84%
'95-'96 Chicago Bulls Toni Kukoč 13.1
84%
'93-'94 Phoenix Suns Kevin Johnson 20.0
83%
'92-'93 Phoenix Suns Kevin Johnson 16.1
83%
'96-'97 Chicago Bulls Steve Kerr 8.1
77%
'95-'96 Chicago Bulls Steve Kerr 8.4
77%
'99-'00 Sacramento Kings Vlade Divac 12.3
77%
'98-'99 Sacramento Kings Vlade Divac 14.3
77%
'96-'97 Chicago Bulls Luc Longley 9.1
74%
'95-'96 Chicago Bulls Luc Longley 9.1
74%
'99-'00 Sacramento Kings Peja Stojaković 11.9
68%
'99-'00 Sacramento Kings Nick Anderson 10.8
66%
'94-'95 Orlando Magic Nick Anderson 15.8
66%
'99-'00 Sacramento Kings Jason Williams 12.3
63%
'98-'99 Sacramento Kings Jason Williams 12.8
63%
'90-'91 Denver Nuggets Reggie Williams 16.1
63%
'93-'94 Phoenix Suns Dan Majerle 16.5
55%
'92-'93 Phoenix Suns Dan Majerle 16.9
55%
'97-'98 Los Angeles Lakers Eddie Jones 16.9
53%
'97-'98 Los Angeles Lakers Rick Fox 12.0
53%
'94-'95 Orlando Magic Dennis Scott 12.9
52%
'97-'98 Los Angeles Lakers Nick Van Exel 13.8
49%
'90-'91 Denver Nuggets Mahmoud Abdul-Rauf 14.1
46%
'93-'94 Phoenix Suns A.C. Green 14.7
35%
'93-'94 Phoenix Suns Cedric Ceballos 19.1
34%
'92-'93 Phoenix Suns Cedric Ceballos 12.8
34%
'90-'91 Denver Nuggets Michael Adams 26.5
28%
'90-'91 Denver Nuggets Walter Davis 18.7
27%
'98-'99 Sacramento Kings Corliss Williamson 13.2
26%
'92-'93 Phoenix Suns Richard Dumas 15.8
23%
'91-'92 Golden State Warriors Billy Owens 14.3
18%
'91-'92 Golden State Warriors Šarūnas Marčiulionis 18.9
16%
'90-'91 Denver Nuggets Orlando Woolridge 25.1
9%
'91-'92 Golden State Warriors Rod Higgins 10.2
7%
'98-'99 Sacramento Kings Vernon Maxwell 10.7
5%
No matching quizzes found
Score Distribution
Percent of People with Each Score
Percentile by Number Answered
Your Score History
You have not taken this quiz